| 000 | 01063nas1a22003491i 4500 | ||
|---|---|---|---|
| 001 | RU\NLR\INFOCOMM_39\5000068590 | ||
| 005 | 20240726012921.0 | ||
| 035 | _a(NLR Aleph) 003776985 | ||
| 090 |
_a3229418 _c3229418 |
||
| 100 | _a20060301c1934 |||y0rusy50 ba | ||
| 101 | 0 | _aeng | |
| 102 | _aRU | ||
| 110 | _aayuz|||0|y| | ||
| 200 | 1 |
_aSoviet land _eIllustr. literary bimonthly _fEd. in chief. L.A. Block |
|
| 210 |
_aMoscow _cUnited magazines & newspapers _d1934- |
||
| 430 | 0 |
_12001#$aSoviet travel _tSoviet travel |
|
| 702 | 1 |
_aBlock _bL.A. _4570 |
|
| 801 | 1 |
_aRU _bInfoComm _c20060301 |
|
| 801 | 0 |
_aRU _bNLR _gPSBO |
|
| 852 |
_aNLR _j26.1â¶5.29 |
||
| 942 | _cJOURNAL | ||
| 980 | _aINPER | ||